|
|
|
|
| LEADER |
00000cam a2200000 7i4500 |
| 001 |
0000002181 |
| 005 |
20030320.0 |
| 090 |
0 |
0 |
|a 634.920285
|b TAY 1989
|
| 100 |
1 |
0 |
|a TAYLOR
|h David L.
|
| 245 |
1 |
0 |
|a Data processing :
|b inventory manual
|c prepared by David L. Taylor, Samsudin Musa, Kasinathan Kengaiah
|
| 260 |
0 |
0 |
|a Kuala Lumpur :
|b ASEAN Institute of Forest Management ,
|c 1989
|
| 300 |
|
|
|a v, 351 p. ;
|c 30 cm.
|
| 440 |
0 |
0 |
|a Forest inventory manual; v. V
|
| 650 |
0 |
0 |
|a Forest management
|x Data processing
|
| 650 |
0 |
0 |
|a Forests and forestry
|x Inventories
|
| 700 |
0 |
1 |
|a Kasinathan Kengaiah
|
| 700 |
0 |
1 |
|a Samsudin Musa
|
| 710 |
1 |
1 |
|a ASEAN Institute of Forest Management (AIFM)
|
| 998 |
|
|
|a JPSM
|
| 999 |
|
|
|a 0000003665
|b Monograph
|c Open Shelf
|e Default branch
|